Countries Closest to Palestine - 15 Second Sprint - Statistics

General Stats
  • This quiz has been taken 58 times
  • The average score is 7 of 20
Answer Stats
km country miles % Correct
0 Israel 0
94%
0 Jordan 0
88%
0 Egypt 0
76%
140 Saudi Arabia 87
73%
57 Lebanon 36
70%
44 Syria 28
70%
323 Iraq 200
45%
288 Cyprus 179
42%
931 Iran 585
42%
372 Turkey 231
42%
644 Greece 400
18%
1096 Kuwait 681
15%
1161 Armenia 721
9%
1143 Georgia 710
9%
1026 Sudan 638
9%
1150 Azerbaijan 715
6%
863 Libya 536
6%
1276 Russia 793
6%
1227 Bulgaria 762
3%
1373 Romania 853
0%
No matching quizzes found
Score Distribution
Percent of People with Each Score
Percentile by Number Answered
Your Score History
You have not taken this quiz